| 000 | 00659cam a22002053a 4500 | ||
|---|---|---|---|
| 001 | 43880 | ||
| 003 | PGUSA | ||
| 005 | 20140828084011.0 | ||
| 008 | 131004s2013||||xxu|||||s|||||000 | eng d | ||
| 040 |
_aPGUSA _beng |
||
| 042 | _adc | ||
| 100 | 1 | _aTaylor, Henry Osborn | |
| 245 | 1 | 4 |
_aThe Mediaeval Mind (Volume I of II) : _bA History of the Development of Thought and Emotion in the Middle Ages _h[electronic resource] / _cHenry Osborn Taylor |
| 260 |
_bProject Gutenberg, _c2013 |
||
| 506 | _aPublic domain in the USA. | ||
| 516 | _aElectronic text | ||
| 830 | 0 |
_aProject Gutenberg _v43880 |
|
| 856 | 4 | 0 | _uhttp://www.gutenberg.org/ebooks/43880 |
| 942 | _cEB | ||
| 999 |
_c273131 _d273131 |
||